ბათუმის შოთა რუსთაველის სახელმწიფო უნივერსიტეტის ბიბლიოთეკა

Lagune.Arbeitsbuch 3 Deutsch als Fremdsprache / (ბიბ.ჩანაწერი № 41197)

000 -LEADER
fixed length control field 00647nam a2200229Ia 4500
001 - CONTROL NUMBER
control field 7849
003 - CONTROL NUMBER IDENTIFIER
control field GE_BSU
005 - DATE AND TIME OF LATEST TRANSACTION
control field 20220927112131.0
008 - FIXED-LENGTH DATA ELEMENTS--GENERAL INFORMATION
fixed length control field 181216s2008ge xx |||||||||||||| ||ger||
020 ## - INTERNATIONAL STANDARD BOOK NUMBER
International Standard Book Number 978319011263
040 ## - CATALOGING SOURCE
Transcribing agency GE_BSU
041 ## - LANGUAGE CODE
Language code of text/sound track or separate title ger
080 ## - UNIVERSAL DECIMAL CLASSIFICATION NUMBER
Universal Decimal Classification number 811.112.2 A-92
100 ## - MAIN ENTRY--PERSONAL NAME
Personal name Aufderstrabe,Hartmut
9 (RLIN) 14835
245 ## - TITLE STATEMENT
Title Lagune.Arbeitsbuch 3 Deutsch als Fremdsprache /
Statement of responsibility, etc. Hartmut Aufderstrabe
264 ## - PRODUCTION, PUBLICATION, DISTRIBUTION, MANUFACTURE, AND COPYRIGHT NOTICE
Place of production, publication, distribution, manufacture Germany :
Name of producer, publisher, distributor, manufacturer Hueber-Verlag,
Date of production, publication, distribution, manufacture, or copyright notice 2008.
300 ## - PHYSICAL DESCRIPTION
Extent 196p.:
Other physical details Ill;
Dimensions 28 cm.
653 ## - INDEX TERM--UNCONTROLLED
keyword Arbeitsbuch Deutsch als Fremdsprache
653 ## - INDEX TERM--UNCONTROLLED
keyword Lagune
653 ## - INDEX TERM--UNCONTROLLED
keyword გერმანული ენა
942 ## - ADDED ENTRY ELEMENTS (KOHA)
Koha item type წიგნი
Source of classification or shelving scheme
ეგზემპლარები
Withdrawn status Lost status Source of classification or shelving scheme Damaged status Not for loan Permanent Location Current Location Shelving location Date acquired Cost, normal purchase price Full call number Barcode Date last seen Copy number Price effective from Koha item type Public note
          ბათუმის შოთა რუსთაველის სახელმწიფო უნივერსიტეტის მთავარი ბიბლიოთეკა ბათუმის შოთა რუსთაველის სახელმწიფო უნივერსიტეტის მთავარი ბიბლიოთეკა წიგნსაცავი 2018-12-17 41.00 811.112.2 A-92 24193 2018-12-17 24193 2018-12-17 წიგნი 41gel.